| 000 | 01729nam a2200433Ii 4500 | ||
|---|---|---|---|
| 001 | DIGDEU0151 | ||
| 003 | NyNyDIG | ||
| 008 | 221226s2013 sp a o 000 0 spa d | ||
| 006 | m o d | ||
| 007 | cr ||||||||||| | ||
| 035 | _a(OCoLC)1367360026 | ||
| 040 |
_aDGITA _beng _erda _epn _cDGITA |
||
| 020 |
_a9788415772002 _qeBook |
||
| 020 | _z9788415759157 | ||
| 043 | _acl----- | ||
| 050 | 1 | 4 | _aKG481 ebook |
| 245 | 0 | 4 |
_aLos derechos indígenas tras la Declaración : _bel desafío de la implementación / _cFelipe Gómez Isa y Mikel Berraondo (eds.) |
| 264 | 1 |
_aBilbao : _bUniversidad de Deusto, _c2013. |
|
| 300 |
_a1 online resource : _billustrations. |
||
| 336 |
_atext _btxt _2rdacontent |
||
| 337 |
_acomputer _bc _2rdamedia |
||
| 338 |
_aonline resource _bcr _2rdacarrier |
||
| 347 |
_atext file _2rdaft |
||
| 347 | _bPDF | ||
| 490 | 1 |
_aSerie Derechos humanos ; _vvol. 20 |
|
| 588 | 0 | _aOnline resource; title from PDF title page (Digitalia, viewed December 26, 2022) | |
| 650 | 0 |
_aIndigenous peoples _xLegal status, laws, etc. _zLatin America. |
|
| 650 | 0 |
_aIndigenous peoples _xCivil rights _zLatin America. |
|
| 650 | 0 |
_aIndians, Treatment of _zLatin America. |
|
| 700 | 1 |
_aGómez Isa, Felipe, _eeditor. |
|
| 700 | 1 |
_aBerraondo López, Miguel, _eeditor. |
|
| 791 | 2 |
_aDigitalia (Firm), _edistributor. |
|
| 793 | 0 |
_gDigitalia eBook Collection: _aUniversidad de Deusto |
|
| 776 | 0 | 8 |
_iPrint version: _tDerechos indígenas tras la Declaración. _dBilbao : Universidad de Deusto, [2013] _z9788415759157 |
| 830 | 0 |
_aSerie Derechos humanos (Bilbao, Spain) ; _vv. 20. |
|
| 856 | 4 | 0 |
_3Digitalia Hispánica _uhttps://www.digitaliapublishing.com/a/24222/ |
| 910 | _aPremium collection: 2022 | ||
| 942 | _cRAA | ||
| 999 |
_c238234 _d238234 |
||